[Event "Nuremberg LGA Cup 4th"]
[Site "Nuremberg"]
[Date "2007.09.06"]
[Round "3"]
[White "Quaschner, Tobias"]
[Black "Hirneise, Tobias"]
[Result "0-1"]
[WhiteElo "2010"]
[BlackElo "2290"]
[PlyCount "56"]
[EventDate "2007.09.06"]
[EventType "swiss"]
[EventRounds "7"]
[EventCountry "GER"]
[SourceTitle "CBM 120 Extra"]
[Source "ChessBase"]
[SourceDate "2007.11.01"]
[SourceVersion "1"]
[SourceVersionDate "2007.11.01"]
[SourceQuality "1"]

1. e4 c5 2. Nf3 d6 3. d4 cxd4 4. Nxd4 Nf6 5. Nc3 Nc6 6. Bg5 e6 7. Qd2 a6 8. 0-0-0 Bd7 9. f4 h6 10. Bxf6 Qxf6 11. g3 Qd8 12. Bg2 Qc7 13. f5 0-0-0 14. Rhf1 Be7 15. Kb1 Bf6 16. Nb3 Be5 17. Qe3 Kb8 18. a3 Na5 19. Nxa5 Qxa5 20. Na2 Rc8 21. Nb4 Qc7 22. Rd2 Ba4 23. Rff2 Rhe8 24. Bh3 Bf6 25. Qf3 Qb6 26. fxe6 fxe6 27. b3 Bb5 28. Nd3 Qd4 0-1

[Event "Regionalliga NO 0607"]
[Site "Bayern"]
[Date "2007.04.22"]
[Round "9.8"]
[White "Quaschner, Tobias"]
[Black "Guthmann, Peter"]
[Result "1/2-1/2"]
[WhiteElo "1851"]
[BlackElo "1835"]
[PlyCount "84"]
[EventDate "2006.10.15"]
[EventType "team-tourn"]
[EventRounds "9"]
[EventCountry "GER"]
[SourceTitle "EXT 2008"]
[Source "ChessBase"]
[SourceDate "2007.11.25"]
[SourceVersion "1"]
[SourceVersionDate "2007.11.25"]
[SourceQuality "1"]
[WhiteTeam "Grieseebach"]
[BlackTeam "Gunzenhausen"]
[WhiteTeamCountry "GER"]
[BlackTeamCountry "GER"]

1. e4 c5 2. Nf3 d6 3. d4 cxd4 4. Qxd4 Nc6 5. Bb5 Bd7 6. Bxc6 bxc6 7. 0-0 e5 8. Qd3 h6 9. c4 Nf6 10. Nc3 Qc7 11. b3 Be7 12. Ne1 0-0 13. f4 Ng4 14. Qe2 Qb6+ 15. Kh1 exf4 16. Bxf4 Rfe8 17. h3 Ne5 18. Rd1 Rad8 19. Nf3 Bf8 20. Rd2 Bc8 21. Rfd1 Qa5 22. Nxe5 dxe5 23. Rxd8 Rxd8 24. Rxd8 Qxd8 25. Bxe5 Qa5 26. Bd4 c5 27. b4 Qxb4 28. Nd5 Qb1+ 29. Bg1 Be6 30. Nc3 Qc1 31. Nd5 g6 32. Kh2 Qa1 33. Bf2 Bd6+ 34. Bg3 Bxg3+ 35. Kxg3 Qe5+ 36. Kf2 Bxd5 37. exd5 Qd4+ 38. Kf1 Kg7 39. Ke1 a5 40. Kf1 a4 41. g4 a3 42. Kg2 Qb2 1/2-1/2

[Event "GER-ch op U25"]
[Site "Willingen"]
[Date "2006.06.08"]
[Round "8"]
[White "Yin, Stanley"]
[Black "Quaschner, Tobias"]
[Result "1/2-1/2"]
[WhiteElo "1898"]
[BlackElo "1693"]
[PlyCount "20"]
[EventDate "2006.06.04"]
[EventType "swiss"]
[EventRounds "9"]
[EventCountry "GER"]
[SourceTitle "EXT 2007"]
[Source "ChessBase"]
[SourceDate "2006.11.23"]
[SourceVersion "1"]
[SourceVersionDate "2006.11.23"]
[SourceQuality "1"]

1. a3 g6 2. g4 d5 3. Bg2 c6 4. g5 Bg7 5. d4 Nd7 6. f4 e6 7. Nf3 c5 8. c3 Ne7 9. Ne5 Nxe5 10. fxe5 Nf5 1/2-1/2

[Event "GER-ch op U25"]
[Site "Willingen"]
[Date "2006.06.04"]
[Round "1"]
[White "Quaschner, Tobias"]
[Black "Plumbaum, Nadja"]
[Result "1-0"]
[WhiteElo "1693"]
[BlackElo "971"]
[PlyCount "51"]
[EventDate "2006.06.04"]
[EventType "swiss"]
[EventRounds "9"]
[EventCountry "GER"]
[SourceTitle "EXT 2007"]
[Source "ChessBase"]
[SourceDate "2006.11.23"]
[SourceVersion "1"]
[SourceVersionDate "2006.11.23"]
[SourceQuality "1"]

1. e4 c5 2. Nf3 Nc6 3. d4 cxd4 4. Nxd4 Nf6 5. Nc3 g6 6. Bc4 Bg7 7. Be3 d6 8. f3 Bd7 9. Qd2 0-0 10. Nde2 a6 11. 0-0-0 b5 12. Bb3 Na5 13. h4 Nxb3+ 14. cxb3 Rc8 15. Kb1 Qa5 16. Nd5 Qxd2 17. Nxe7+ Kh8 18. Rxd2 Rc7 19. Nd5 Rc6 20. Rhd1 Be6 21. Nxf6 Bxf6 22. Rxd6 Rxd6 23. Rxd6 a5 24. Bd4 Bxd4 25. Nxd4 Bc8 26. Nxb5 1-0